[Event "Sterlitamak Rochinskiy op"]
[Site "Sterlitamak"]
[Date "2012.06.27"]
[Round "6"]
[White "Garifullin, Ildar"]
[Black "Afanasiev, Petr"]
[Result "1-0"]
[WhiteElo "1948"]
[BlackElo "1967"]
[PlyCount "89"]
[EventDate "2012.06.22"]
[EventType "swiss"]
[EventRounds "9"]
[EventCountry "RUS"]
[SourceTitle "EXT 2013"]
[Source "ChessBase"]
[SourceDate "2012.11.22"]
[SourceVersion "1"]
[SourceVersionDate "2012.11.22"]
[SourceQuality "1"]

1. e4 e5 2. Nf3 Nc6 3. Bc4 Bc5 4. b4 Bd6 5. 0-0 Nf6 6. d4 0-0 7. b5 Nxd4 8. Nxd4 exd4 9. Re1 Bb4 10. c3 dxc3 11. Qb3 c2 12. Qxb4 cxb1Q 13. Rxb1 d6 14. Bg5 Be6 15. Bd3 h6 16. Bh4 g5 17. Bg3 Nh5 18. e5 Nxg3 19. hxg3 d5 20. f4 gxf4 21. gxf4 Qh4 22. f5 Qxb4 23. Rxb4 d4 24. fxe6 fxe6 25. Rxd4 Rad8 26. Rxd8 Rxd8 27. Bc4 Kf7 28. Rf1+ Ke7 29. Rf6 Rd1+ 30. Kh2 Re1 31. Rxe6+ Kd7 32. Rxh6 Rxe5 33. Bb3 Re2 34. Kg3 c5 35. bxc6+ bxc6 36. Rh7+ Kd6 37. Rxa7 Re4 38. Kf3 Rd4 39. Ra4 Rd2 40. g4 c5 41. Ra6+ Ke7 42. Rc6 Rd3+ 43. Kf4 Rc3 44. Re6+ Kd7 45. Re4 1-0

[Event "Sterlitamak Rochinskiy op"]
[Site "Sterlitamak"]
[Date "2012.06.23"]
[Round "2"]
[White "Garifullin, Ildar"]
[Black "Darmin, Dmitry"]
[Result "0-1"]
[WhiteElo "1948"]
[BlackElo "2043"]
[PlyCount "82"]
[EventDate "2012.06.22"]
[EventType "swiss"]
[EventRounds "9"]
[EventCountry "RUS"]
[SourceTitle "EXT 2013"]
[Source "ChessBase"]
[SourceDate "2012.11.22"]
[SourceVersion "1"]
[SourceVersionDate "2012.11.22"]
[SourceQuality "1"]

1. e4 c6 2. d4 d5 3. exd5 cxd5 4. c4 Nf6 5. Nc3 e6 6. Nf3 Be7 7. Bd3 dxc4 8. Bxc4 0-0 9. 0-0 Nc6 10. Bf4 b6 11. a3 Bb7 12. Ba2 Rc8 13. Qd3 Qd7 14. Rfd1 Rfd8 15. h3 Qe8 16. Qe2 h6 17. Rac1 Bf8 18. Bg3 Ne7 19. Bh4 g5 20. Bg3 Nf5 21. Be5 Bg7 22. Bb1 Nd5 23. Nxd5 Bxd5 24. Rxc8 Rxc8 25. Bxg7 Kxg7 26. Ne5 f6 27. Ng4 Bb3 28. Re1 Bc4 29. Qd2 Qd7 30. Bxf5 exf5 31. Qb4 Be6 32. d5 Bf7 33. Ne3 f4 34. Nc4 Rc5 35. Nd2 Qxd5 36. Ne4 Rc6 37. Nc3 Qd6 38. Qe4 Rc5 39. Rd1 Qc7 40. Qd3 Re5 41. Nb5 Qe7 0-1

[Event "Ufa RDYSH HL-ch"]
[Site "Ufa"]
[Date "2012.06.17"]
[Round "9"]
[White "Grigorieva, Yulia"]
[Black "Garifullin, Ildar"]
[Result "1/2-1/2"]
[WhiteElo "1796"]
[BlackElo "1962"]
[PlyCount "66"]
[EventDate "2012.06.13"]
[EventType "swiss"]
[EventRounds "9"]
[EventCountry "RUS"]
[SourceTitle "EXT 2014"]
[Source "ChessBase"]
[SourceDate "2013.11.20"]
[SourceVersion "1"]
[SourceVersionDate "2013.11.20"]
[SourceQuality "1"]

1. d4 d5 2. c4 Bf5 3. Nf3 e6 4. Nc3 c6 5. Bf4 Nf6 6. e3 Bd6 7. Bg5 Nbd7 8. cxd5 exd5 9. Bd3 Bg6 10. Qc2 Bxd3 11. Qxd3 0-0 12. 0-0 Re8 13. Rfc1 Nf8 14. Rab1 Ng6 15. b4 a6 16. a4 h6 17. Bxf6 Qxf6 18. b5 axb5 19. axb5 h5 20. bxc6 bxc6 21. Ne2 Ne7 22. Rc3 Reb8 23. Rcb3 Rxb3 24. Rxb3 c5 25. dxc5 Ra1+ 26. Rb1 Qb2 27. Nd2 Bxc5 28. Rxa1 Qxa1+ 29. Qb1 Qa7 30. Qd3 Nc6 31. Qxd5 Nb4 32. Qb3 Qa1+ 33. Qb1 Qxb1+ 1/2-1/2

[Event "Ufa RDYSH HL-ch"]
[Site "Ufa"]
[Date "2012.06.15"]
[Round "5"]
[White "Garifullin, Ildar"]
[Black "Valiullin, Artur"]
[Result "1-0"]
[WhiteElo "1962"]
[BlackElo "1967"]
[PlyCount "95"]
[EventDate "2012.06.13"]
[EventType "swiss"]
[EventRounds "9"]
[EventCountry "RUS"]
[SourceTitle "EXT 2014"]
[Source "ChessBase"]
[SourceDate "2013.11.20"]
[SourceVersion "1"]
[SourceVersionDate "2013.11.20"]
[SourceQuality "1"]

1. e4 c5 2. Nc3 Nc6 3. g3 b6 4. Bg2 Bb7 5. d3 e6 6. Nge2 d6 7. 0-0 Qd7 8. d4 cxd4 9. Nxd4 Be7 10. Nxc6 Bxc6 11. Bf4 e5 12. Be3 Nf6 13. Bg5 0-0 14. Bxf6 Bxf6 15. Nd5 Rac8 16. Nxf6+ gxf6 17. Qh5 f5 18. f3 fxe4 19. Qg5+ Kh8 20. Qf6+ Kg8 21. Qg5+ Kh8 22. Qf6+ Kg8 23. fxe4 Qd8 24. Rad1 Bb5 25. Qxd8 Rfxd8 26. Rf2 Kg7 27. c3 Bc4 28. Bf1 a5 29. Bxc4 Rxc4 30. Rfd2 Rxe4 31. Rxd6 Rb8 32. Kf2 b5 33. b3 a4 34. Kf3 f5 35. Rd7+ Kg8 36. Ra7 axb3 37. axb3 Rc8 38. Kf2 f4 39. Rdd7 fxg3+ 40. hxg3 Rg4 41. Rab7 e4 42. Rxb5 e3+ 43. Kf3 Re4 44. Ke2 Rf8 45. Rbb7 Rf2+ 46. Ke1 Re8 47. Rg7+ Kf8 48. Rxh7 1-0

[Event "Ufa-ch U16"]
[Site "Ufa"]
[Date "2012.02.25"]
[Round "9"]
[White "Garifullin, Ildar"]
[Black "Zhuravlev, Andrey"]
[Result "1-0"]
[WhiteElo "1948"]
[BlackElo "1672"]
[PlyCount "63"]
[EventDate "2012.02.17"]
[EventType "swiss"]
[EventRounds "9"]
[EventCountry "RUS"]
[SourceTitle "EXT 2014"]
[Source "ChessBase"]
[SourceDate "2013.11.20"]
[SourceVersion "1"]
[SourceVersionDate "2013.11.20"]
[SourceQuality "1"]

1. e4 e6 2. d4 d5 3. exd5 exd5 4. Nf3 Bd6 5. c4 c6 6. Nc3 Nf6 7. Bd3 0-0 8. 0-0 Bg4 9. Bg5 dxc4 10. Bxc4 Nbd7 11. Re1 Qc7 12. h3 Bh5 13. Ne4 Nxe4 14. Rxe4 Bg6 15. Re2 Nb6 16. Bb3 h6 17. Bd2 Nd5 18. Ne5 Bxe5 19. dxe5 Rfe8 20. f4 Qb6+ 21. Rf2 Rad8 22. Qf3 f6 23. f5 fxe5 24. fxg6 Rf8 25. Qe3 Rxf2 26. Qxf2 Qxf2+ 27. Kxf2 Kf8 28. Bxd5 cxd5 29. Rc1 Ke8 30. Rc7 Rd7 31. Rxd7 Kxd7 32. Bxh6 1-0

[Event "Ufa-ch U16"]
[Site "Ufa"]
[Date "2012.02.21"]
[Round "5"]
[White "Garifullin, Ildar"]
[Black "Khasanshin, Amir"]
[Result "1/2-1/2"]
[WhiteElo "1948"]
[BlackElo "1786"]
[PlyCount "112"]
[EventDate "2012.02.17"]
[EventType "swiss"]
[EventRounds "9"]
[EventCountry "RUS"]
[SourceTitle "EXT 2014"]
[Source "ChessBase"]
[SourceDate "2013.11.20"]
[SourceVersion "1"]
[SourceVersionDate "2013.11.20"]
[SourceQuality "1"]

1. e4 e5 2. Nf3 Nf6 3. Nxe5 d6 4. Nf3 Nxe4 5. Bd3 Bf5 6. 0-0 Be7 7. Nd4 Bg6 8. Qf3 d5 9. Nf5 Ng5 10. Qg4 Ne6 11. h4 h5 12. Qa4+ c6 13. Re1 Nd7 14. Nxe7 Bxd3 15. Nxc6 bxc6 16. cxd3 Qb6 17. b4 0-0 18. Nc3 Nf4 19. Ba3 Nxd3 20. Rf1 N7e5 21. b5 cxb5 22. Nxb5 Rfd8 23. Rab1 Qg6 24. f4 Nc4 25. Nc7 Nxd2 26. Nxa8 Nxb1 27. Rxb1 Rxa8 28. Rf1 Qf6 29. Rf3 Qb6+ 30. Kh2 Nf2 31. Qc2 Ng4+ 32. Kg3 Qa5 33. Qc3 Qxc3 34. Rxc3 Rd8 35. Bc5 Rc8 36. Bd4 Rxc3+ 37. Bxc3 f6 38. Kf3 Kf7 39. f5 Ke7 40. Kf4 Kd6 41. Bb4+ Kc6 42. Bf8 Kb5 43. Kf3 Kc4 44. Ke2 Kc3 45. Bc5 d4 46. Bxa7 d3+ 47. Kd1 Ne5 48. Be3 Nc4 49. Bc1 d2 50. Bxd2+ Nxd2 51. Ke2 Nc4 52. Kf3 Kb4 53. Kf4 Ka3 54. g4 hxg4 55. Kxg4 Kxa2 56. Kh5 Ne5 1/2-1/2